000 00822cab a2200265 4500
001 WB3038-30
008 090401t1994 xxu||||| |||| 00| 0 eng d
035 _a(Sirsi) u66663
041 _aeng
245 _aNationwide sells agencies
260 _c1994
350 _a0
490 _aTimes
_v12 October 1994, 25&29
490 _aFinancial Times
_v12 October 1994, 1
490 _aDaily Telegraph
_v12 October 1994, 29
490 _aIndependent
_v12 October 1994, 27
520 _aNationwide Building Society are selling 304 estate agency branches for £1, and its surveying business for £12m, to Hambro Countryswide.
650 _aACQUISITION
650 _aESTATE AGENTS
650 _aHAMBRO COUNTRYWIDE
650 _aNATIONWIDE BUILDING SOCIETY
690 _aHOUSING
942 _n0
948 _c04/03/1997
999 _c41640
_d41640